000 00484nam a2200193 a 4500
001 1757587867654
003 ACL
005 20250911162236.0
008 250911s1999##################000#0#eng##
020 _a9781841150017
082 0 4 _a791.09227
_bLEV
100 1 _aLevy, Shawn,
_eauthor.
245 1 0 _aRat Pack Confidential :
260 _bHarperCollins UK,
_c1999.
300 _a390 pages
650 0 _aBiography & Autobiography.
942 _cENGLISH
040 _aACL
_beng
_cACL
999 _c586553
_d586553